| 000 | 00752cam a22001931a 4500 | ||
|---|---|---|---|
| 082 |
_a358.20942 _bWOR |
||
| 100 |
_aMackay, W&J _949910 |
||
| 110 | 2 |
_aRoyal Engineers' Institute (Great Britain) _949911 |
|
| 245 | 1 | 0 |
_aBridging / the work of the royal engineers _cpublished by the Secretary, R.E. Institute, Chatham. |
| 260 |
_aChatham : _bW. & J. Mackay, _c1921. |
||
| 300 |
_a87 p., 48 leaves of plates (some folded) : _bill., maps ; _c25 cm. |
||
| 490 | 0 | _aThe work of the Royal Engineers in the European War ; | |
| 526 |
_a0 _b0 _c0 _d358_209420000000000_WOR |
||
| 526 |
_a0 _b0 _c0 _d358_209420000000000_WOR |
||
| 650 | 0 |
_aMCE _9379 |
|
| 650 | 0 |
_aMilitary bridges. _949912 |
|
| 650 | 0 |
_aWorld War, 1914-1918 _zGreat Britain. _949303 |
|
| 942 |
_2ddc _cBK |
||
| 999 |
_c552653 _d552653 |
||